000 02524nam a22003617a 4500
001 42835
003 gtgccic
005 20251029123420.0
007 ta
008 251029b gt ||||| |||| 00| 0 spa d
040 _agtgccic
_bspa
_cgtgccic
_erda
084 _0TPI-15-0092
100 1 0 _aMario René López De León
_dArquitecto
_eautor
245 1 0 _aSistema de gestión de la energía, mediante la metodología ISO 50001:2011,
_bpara la Ciudad Universitaria, zona 12, Universidad de San Carlos de Guatemala /
_cLópez De León, Mario René
264 _aGuatemala, Guatemala :
_bUSAC, Facultad de Ingeniería ;
_c2015.-
300 _axxx, 136 p. :
_bil. ;
_c27 cm
336 _2rdacontenido
_aTexto
_btxt
337 _2rdamedio
_asin mediación
_bn
338 _2rdasoporte
_avolumen
_bnc
502 _aTesis Postgrado
_bMAESTRO EN ENERGÍA Y AMBIENTE
_cUSAC, Facultad de Ingeniería, Escuela de Postgrado
_d2015
_oTPI-15-0092
504 _aBibliografía pag. 129
505 _t1. MARCO TEÓRICO (panorama mundial ambiental y energético)
505 _t2. LINEAMIENTOS DEL SGEn
505 _t3. DISEÑO DEL SISTEMA DE GESTIÓN DE LA ENERGÍA
505 _t4. PRESENTACIÓN DE RESULTADOS
505 _t5. DISCUSIÓN DE RESULTADOS
520 3 _aEl cambio climático se ha incrementado en los últimos años, debido al aumento de las emisiones de gases de efecto invernadero (GEI); asimismo, los últimos informes del IPCC señalan que los edificios representan un porcentaje elevado de las mismas, por lo tanto, muchos países están promoviendo la eficiencia energética y sistemas de gestión de la energía en los edificios como una medida de mitigación al cambio climático, gracias a la reducción de las emisiones de GEI asociadas al consumo energético. Un Sistema de Gestión de la Energía permitirá a la Universidad de San Carlos de Guatemala, conocer las oportunidades de ahorro mediante el uso eficiente de la energía, a través de una revisión energética de las Unidades Académicas que conforman el Campus Central, la revisión energética servirá como base para la planificación del SGEn, el cual presenta los lineamientos y recomendaciones que permitirán a la Universidad reducir sus costos de operación relacionados al consumo de energía eléctrica y, a su vez, reducir las emisiones de GEI. derivadas del consumo de energía.
650 _aENERGÍA ELÉCTRICA
650 _aNORMAS
700 _aMA. INGA. AGR. Mariaé Gracía Zamora
_easesor
942 _2ddc
_cTPS
945 _aamlo
999 _c2463
_d2463